000 00813nam a22002057a 4500
999 _c20437
_d20437
003 AR-CdUCM
008 190530b ||||| |||| 00| 0 spa d
040 _aMUNICIPALIDAD PROVINCIAL DEL CUSCO
_cBIBLIOTECA MUNICIPAL DEL CUSCO
082 _a512.077 /
_bB85
100 _aBrudner, Harvey J
_942734
245 _aÁlgebra y trigonometría :
_bCurso programado con aplicaciones /
260 _aMéxico :
_bCentro regional de ayuda técnica,
_bLimusa,
_c1975.
300 _a547 páginas ;
_c23 cm.
505 _aContenido : Operaciones fundamentales -- Expresiones y operaciones algebraicas -- Operaciones con fracciones algebraicas...
650 _aEcuaciones lineales
_923669
650 _aProgresiones aritméticas
_942735
650 _aFunciones trigonométricas
_942736
942 _2ddc
_cLIBROS
945 _aandy